An Outline of European Architecture /

Gespeichert in:
Bibliographische Detailangaben
1. Verfasser: Pevsner, Nikolaus (autor)
Format: Buch
Sprache:Englisch
Veröffentlicht: Londres, Inglaterra : Penguin, 1964, c1964
Ausgabe:7a edición
Schlagworte:
Tags: Tag hinzufügen
Keine Tags, Fügen Sie das erste Tag hinzu!

MARC

LEADER 00000nam^a2200000^a^4500
001 000020703
005 20250521000000.0
009 20260310084346.407
037 |a Acervo ITESO - Biblioteca 
041 |a ING 
082 |a 720. 940  |b PEV 
100 |a Pevsner, Nikolaus  |e (autor) 
240 1 1 |a [Breve historia de la arquitectura europea] 
245 1 3 |a An Outline of European Architecture /  |c N. Pevsner. 
250 |a 7a edición 
264 4 |a Londres, Inglaterra :  |b Penguin,  |c 1964, c1964 
300 |a 496 p. 
336 |a texto  |b txt  |2 rdacontenido 
337 |a sin mediación  |b n  |2 rdamedio 
338 |a volumen  |b nc  |2 rdasoporte 
562 |a Falta cubierta 
649 |a XX 
650 |a Arquitectura Europea -  |x Historia y Crítica -  |x Tema Principal 
650 |a Arte Europeo -  |x Historia y Crítica 
910 |a Fondo General 
920 |a Impresos - Libros 
930 |a Colección General 
905 |a 101 
901 |a 0207030200  |b IT1  |c ACC  |i 907398  |u 20250521 
902 |a https://opac.biblio.iteso.mx/vufind/Record/000020703